000 00525nam a22001457a 4500
003 MACL
005 20170623120627.0
008 170623b xxu||||| |||| 00| 0 eng d
040 _cMACL
100 _aत्रिपाठी, अमीश
_967747
245 _aशिव रचना त्रय 3 वायुपुत्रों की शपथ
260 _aनई दिल्‍ली
_bवैस्‍टलैंड लिमिटेड
_c2013
650 _aउपन्‍यास
_967748
942 _2ddc
_cHIN
999 _c56630
_d56630